[Event "BL 1112 (Women)"]
[Site "Germany"]
[Date "2011.10.29"]
[Round "1.6"]
[White "Krasnopeyeva, Julia"]
[Black "Delemarre, Isabel"]
[Result "0-1"]
[WhiteElo "1963"]
[BlackElo "2252"]
[PlyCount "110"]
[EventDate "2011.10.29"]
[EventType "team-tourn"]
[EventRounds "11"]
[EventCountry "GER"]
[SourceTitle "EXT 2013"]
[Source "ChessBase"]
[SourceDate "2012.11.22"]
[SourceVersion "1"]
[SourceVersionDate "2012.11.22"]
[SourceQuality "1"]
[WhiteTeam "Schott Mainz (W)"]
[BlackTeam "Karlsruhe (W)"]
[WhiteTeamCountry "GER"]
[BlackTeamCountry "GER"]

1. e4 d6 2. d4 Nf6 3. Nc3 c6 4. Be3 Qa5 5. Qd2 e5 6. Nf3 Bg4 7. Bd3 Be7 8. Ne2 Qc7 9. Ng3 Nbd7 10. c3 Bxf3 11. gxf3 g6 12. h4 h5 13. Bg5 0-0-0 14. f4 exd4 15. cxd4 Nb6 16. f3 Ng8 17. Bxe7 Nxe7 18. a4 Kb8 19. a5 Nd7 20. b4 c5 21. Rc1 Nc6 22. bxc5 dxc5 23. d5 Nd4 24. Qe3 Qxa5+ 25. Kf2 Nf6 26. Ra1 Qc7 27. Rhb1 Rhe8 28. Qd2 b6 29. Rb2 Re7 30. Ra3 Qd7 31. Qd1 Qh3 32. Qh1 Qxh1 33. Nxh1 Rc7 34. d6 Rcc8 35. e5 Nd5 36. Be4 Nb4 37. Ng3 a5 38. Ne2 Nb5 39. Ra1 Ka7 40. f5 Rg8 41. fxg6 fxg6 42. Nf4 Rce8 43. Nd3 Nxd6 44. Rxb4 cxb4 45. exd6 Rd8 46. Nxb4 Rxd6 47. Nc6+ Ka6 48. Ne7 Re8 49. Nd5 Rc8 50. Nf4 Rg8 51. Rg1 b5 52. Rxg6 Rdxg6 53. Nxg6 a4 54. Ke2 a3 55. Bb1 Rxg6 0-1

[Event "BL 0203 (Women)"]
[Site "Germany"]
[Date "2002.12.01"]
[Round "4.2"]
[White "Delemarre, Isabel"]
[Black "Socko, Monika"]
[Result "0-1"]
[WhiteElo "2247"]
[BlackElo "2347"]
[PlyCount "58"]
[EventDate "2002.10.12"]
[EventType "team-tourn"]
[EventRounds "11"]
[EventCountry "GER"]
[SourceTitle "EXT 2004"]
[Source "ChessBase"]
[SourceDate "2003.11.25"]
[SourceVersion "1"]
[SourceVersionDate "2003.11.25"]
[SourceQuality "1"]
[WhiteTeam "Karlsruhe (W)"]
[BlackTeam "Leipzig WBA (W)"]
[WhiteTeamCountry "GER"]
[BlackTeamCountry "GER"]

1. e4 e6 2. d4 d5 3. Nc3 Bb4 4. Bd3 dxe4 5. Bxe4 Nf6 6. Bf3 c5 7. Nge2 Nc6 8. 0-0 cxd4 9. Bxc6+ bxc6 10. Nxd4 Ba6 11. Nxc6 Qb6 12. Nxb4 Bxf1 13. a3 a5 14. Be3 Qb7 15. Qxf1 axb4 16. axb4 0-0 17. b5 Ne4 18. Rxa8 Rxa8 19. f3 Nxc3 20. bxc3 Qc7 21. c4 h5 22. f4 Qa5 23. Kf2 Qa2 24. Qe2 Qb1 25. Bd4 Ra2 26. Kg3 Rxc2 27. Qxh5 Qe1+ 28. Kh3 Qe4 29. Qf3 Qxd4 0-1

[Event "BL 0203 (Women)"]
[Site "Germany"]
[Date "2002.11.30"]
[Round "3.2"]
[White "Beltz, Franziska"]
[Black "Delemarre, Isabel"]
[Result "0-1"]
[WhiteElo "1931"]
[BlackElo "2247"]
[PlyCount "68"]
[EventDate "2002.10.12"]
[EventType "team-tourn"]
[EventRounds "11"]
[EventCountry "GER"]
[SourceTitle "EXT 2004"]
[Source "ChessBase"]
[SourceDate "2003.11.25"]
[SourceVersion "1"]
[SourceVersionDate "2003.11.25"]
[SourceQuality "1"]
[WhiteTeam "Leipzig Gohlis (W)"]
[BlackTeam "Karlsruhe (W)"]
[WhiteTeamCountry "GER"]
[BlackTeamCountry "GER"]

1. e4 c6 2. d4 d5 3. exd5 cxd5 4. c4 Nf6 5. Nc3 e6 6. Nf3 Bb4 7. cxd5 Nxd5 8. Bd2 0-0 9. Bd3 Be7 10. 0-0 Nc6 11. Qe2 Nf6 12. Rfd1 Nb4 13. Bb1 b6 14. Ne4 Nbd5 15. a3 Bb7 16. Bd3 Rc8 17. Rac1 Rxc1 18. Rxc1 Qb8 19. Ne5 Nxe4 20. Qxe4 Nf6 21. Qh4 Qd6 22. Be3 Rd8 23. Qh3 g6 24. Qg3 Nh5 25. Qh3 Bf6 26. f4 Nxf4 27. Bxf4 Qxd4+ 28. Qe3 Bxe5 29. Qxd4 Bxd4+ 30. Kf1 Bxb2 31. Rc7 Bxg2+ 32. Kxg2 Rxd3 33. Bh6 Rd8 34. Rxa7 Bg7 0-1

[Event "BL 0102 (Women)"]
[Site "Germany"]
[Date "2002.01.20"]
[Round "5.2"]
[White "Manakov, Marina"]
[Black "Delemarre, Isabel"]
[Result "0-1"]
[WhiteElo "2302"]
[BlackElo "2240"]
[PlyCount "68"]
[EventDate "2001.10.27"]
[EventType "team-tourn"]
[EventRounds "11"]
[EventCountry "GER"]
[SourceTitle "EXT 2003"]
[Source "ChessBase"]
[SourceDate "2002.11.25"]
[SourceVersion "1"]
[SourceVersionDate "2002.11.25"]
[SourceQuality "1"]
[WhiteTeam "Stuttgart"]
[BlackTeam "Karlsruhe"]
[WhiteTeamCountry "GER"]
[BlackTeamCountry "GER"]

1. d4 d5 2. Nf3 e6 3. Bf4 c5 4. c3 Nc6 5. e3 Nf6 6. Nbd2 Bd6 7. dxc5 Bxc5 8. b4 Be7 9. h3 0-0 10. Be2 Bd7 11. 0-0 Rc8 12. a3 a6 13. Rc1 b5 14. a4 Qb6 15. a5 Qa7 16. Bd3 Rfd8 17. Qe2 Nb8 18. Bg5 Bc6 19. Ne5 Be8 20. Ndf3 Nbd7 21. Bf4 Nxe5 22. Bxe5 Nd7 23. Bg3 Nf8 24. Nd4 Bf6 25. Bb1 g6 26. Qg4 Bg7 27. h4 e5 28. Nb3 Rc4 29. Qe2 Ne6 30. Bd3 Rcc8 31. Nd2 Qc7 32. Rfd1 f5 33. h5 Bf6 34. hxg6 hxg6 0-1

[Event "Dresden ZMD op"]
[Site "Dresden"]
[Date "2002.??.??"]
[Round "7"]
[White "Delemarre, Isabel"]
[Black "Wiegmann, Sascha"]
[Result "1-0"]
[WhiteElo "2245"]
[BlackElo "2130"]
[PlyCount "41"]
[EventDate "2002.07.18"]
[EventType "swiss"]
[EventRounds "9"]
[EventCountry "GER"]
[SourceTitle "EXT 2003"]
[Source "ChessBase"]
[SourceDate "2002.11.25"]
[SourceVersion "1"]
[SourceVersionDate "2002.11.25"]
[SourceQuality "1"]

1. e4 c5 2. c3 d5 3. exd5 Qxd5 4. d4 Nc6 5. Nf3 Bg4 6. Be2 e6 7. h3 Bh5 8. c4 Qd6 9. g4 Bg6 10. d5 Bxb1 11. Rxb1 Nb8 12. 0-0 Nd7 13. dxe6 fxe6 14. Ng5 Qxd1 15. Rxd1 e5 16. Nf7 Kxf7 17. Rxd7+ Ke6 18. Rxb7 Nf6 19. g5 Ne8 20. Bg4+ Kd6 21. Be3 1-0

[Event "Dresden ZMD op"]
[Site "Dresden"]
[Date "2002.??.??"]
[Round "8"]
[White "Schmidt, Bodo"]
[Black "Delemarre, Isabel"]
[Result "1-0"]
[WhiteElo "2350"]
[BlackElo "2245"]
[PlyCount "67"]
[EventDate "2002.07.18"]
[EventType "swiss"]
[EventRounds "9"]
[EventCountry "GER"]
[SourceTitle "EXT 2003"]
[Source "ChessBase"]
[SourceDate "2002.11.25"]
[SourceVersion "1"]
[SourceVersionDate "2002.11.25"]
[SourceQuality "1"]

1. Nf3 d6 2. d4 Bg4 3. c4 Nd7 4. e4 e5 5. Be2 Be7 6. Nc3 Bxf3 7. Bxf3 Bg5 8. 0-0 Bxc1 9. Rxc1 Ngf6 10. g3 0-0 11. Bg2 c6 12. d5 c5 13. a3 a6 14. Qd3 Rb8 15. Rfe1 Ne8 16. Bh3 Nc7 17. b4 b6 18. Rb1 cxb4 19. axb4 a5 20. Bxd7 Qxd7 21. bxa5 bxa5 22. Ra1 Ra8 23. Na4 Rfb8 24. Reb1 Qd8 25. c5 Na6 26. c6 Nb4 27. Qc4 Qc7 28. Rb2 g6 29. Nc3 Kg7 30. Nb5 Qe7 31. c7 Rc8 32. Rxb4 axb4 33. Rxa8 Rxa8 34. c8Q 1-0

[Event "BL 0102 (Women)"]
[Site "Germany"]
[Date "2001.10.28"]
[Round "2.2"]
[White "Delemarre, Isabel"]
[Black "Botsari, Anna Maria"]
[Result "1/2-1/2"]
[WhiteElo "2240"]
[BlackElo "2315"]
[PlyCount "34"]
[EventDate "2001.10.27"]
[EventType "team-tourn"]
[EventRounds "11"]
[EventCountry "GER"]
[SourceTitle "EXT 2003"]
[Source "ChessBase"]
[SourceDate "2002.11.25"]
[SourceVersion "1"]
[SourceVersionDate "2002.11.25"]
[SourceQuality "1"]
[WhiteTeam "Karlsruhe"]
[BlackTeam "Kiel"]
[WhiteTeamCountry "GER"]
[BlackTeamCountry "GER"]

1. e4 c5 2. c3 d5 3. exd5 Qxd5 4. d4 e5 5. dxe5 Qxe5+ 6. Be2 Nc6 7. Nf3 Qc7 8. 0-0 Nf6 9. Re1 Be7 10. Bg5 0-0 11. Qc2 Be6 12. Nbd2 h6 13. Bh4 Rad8 14. Bc4 Nd5 15. Bg3 Qc8 16. Rad1 a6 17. Ne5 Nxe5 1/2-1/2

[Event "Vlissingen HZ op 05th"]
[Site "Vlissingen"]
[Date "2001.08.02"]
[Round "7"]
[White "Delemarre, Isabel"]
[Black "Psakhis, Lev"]
[Result "1/2-1/2"]
[WhiteElo "2240"]
[BlackElo "2566"]
[PlyCount "62"]
[EventDate "2001.07.28"]
[EventType "swiss"]
[EventRounds "9"]
[EventCountry "NED"]
[SourceTitle "CBM 083 Extra"]
[Source "ChessBase"]
[SourceDate "2001.09.11"]
[SourceVersion "1"]
[SourceVersionDate "2001.09.11"]
[SourceQuality "1"]

1. e4 c5 2. c3 e6 3. d4 d5 4. exd5 exd5 5. Be3 cxd4 6. Bxd4 a6 7. Nf3 Nc6 8. Be2 Nxd4 9. Nxd4 Nf6 10. Nd2 Bc5 11. N2b3 Bb6 12. 0-0 0-0 13. a4 Qd6 14. a5 Bc7 15. g3 Bh3 16. Re1 Rfe8 17. Qd3 g6 18. Bf3 Rad8 19. Rad1 Rxe1+ 20. Rxe1 Nd7 21. Qe3 Ne5 22. Bh1 Nc4 23. Qe7 Nxb2 24. Qxd6 Rxd6 25. Nc5 Kf8 26. Nxb7 Rd7 27. Nc5 Rd6 28. Nb7 Rd7 29. Nc5 Rd8 30. Nb7 Rd7 31. Nc5 Rd8 1/2-1/2

[Event "Vlissingen HZ op 05th"]
[Site "Vlissingen"]
[Date "2001.07.31"]
[Round "5"]
[White "Delemarre, Isabel"]
[Black "Romanishin, Oleg M"]
[Result "1/2-1/2"]
[WhiteElo "2240"]
[BlackElo "2579"]
[PlyCount "73"]
[EventDate "2001.07.28"]
[EventType "swiss"]
[EventRounds "9"]
[EventCountry "NED"]
[SourceTitle "CBM 083 Extra"]
[Source "ChessBase"]
[SourceDate "2001.09.11"]
[SourceVersion "1"]
[SourceVersionDate "2001.09.11"]
[SourceQuality "1"]

1. e4 e5 2. Nf3 Nc6 3. Bc4 Nf6 4. d3 Be7 5. 0-0 0-0 6. Re1 d6 7. c3 Na5 8. Bb5 a6 9. Ba4 b5 10. Bc2 c5 11. Nbd2 Bd7 12. Nf1 Rc8 13. d4 cxd4 14. cxd4 Nc6 15. d5 Nb4 16. Bb1 a5 17. Bd2 Na6 18. Ng3 Qb6 19. Bd3 Nc5 20. Bf1 b4 21. b3 g6 22. Bh6 Rfe8 23. h3 Bb5 24. Re3 Bf8 25. Bxf8 Rxf8 26. Nd2 Ne8 27. Rc1 Ng7 28. Bxb5 Qxb5 29. Nc4 Qa6 30. Re2 a4 31. Rb2 Nb7 32. Rbc2 Rc5 33. Qd2 Qb5 34. f4 exf4 35. Qxf4 Qd7 36. Nb6 Qc7 37. Nc4 1/2-1/2

[Event "BL 0001 (Women)"]
[Site "Germany"]
[Date "2001.??.??"]
[Round "8.2"]
[White "Borulya, Ekaterina"]
[Black "Delemarre, Isabel"]
[Result "1-0"]
[WhiteElo "2362"]
[BlackElo "2258"]
[PlyCount "123"]
[EventDate "2000.10.??"]
[EventType "team-tourn"]
[EventRounds "11"]
[EventCountry "GER"]
[SourceTitle "CBM 082 Extra"]
[Source "ChessBase"]
[SourceDate "2001.07.03"]
[SourceVersion "1"]
[SourceVersionDate "2001.07.03"]
[SourceQuality "1"]
[WhiteTeam "Krefeld Turm (W)"]
[BlackTeam "Karlsruhe (W)"]
[WhiteTeamCountry "GER"]
[BlackTeamCountry "GER"]

1. c4 e5 2. Nc3 Nc6 3. g3 d6 4. Bg2 Be6 5. d3 Qd7 6. e4 g6 7. Nd5 Bg7 8. Ne2 Nd8 9. d4 c6 10. Ne3 Bh3 11. 0-0 Bxg2 12. Kxg2 Ne6 13. dxe5 dxe5 14. Qxd7+ Kxd7 15. b3 Nf6 16. Rd1+ Kc7 17. f3 Rad8 18. Bb2 Nd7 19. b4 Nb6 20. Rac1 Rxd1 21. Rxd1 Rd8 22. Rxd8 Kxd8 23. c5 Na4 24. Ba1 a5 25. a3 axb4 26. axb4 b6 27. cxb6 Nxb6 28. Kf2 h5 29. Nc1 Ke7 30. Nd3 Kd6 31. Bb2 f6 32. f4 Nd4 33. h3 Nb3 34. Bc3 Na4 35. fxe5+ fxe5 36. Bxe5+ Bxe5 37. Nc4+ Ke6 38. Ndxe5 Kf6 39. Nxc6 Nc3 40. Ke3 Nb5 41. N4a5 Nc1 42. Nb7 Na2 43. Nc5 Nac3 44. Kd3 Nd1 45. Kc4 Na3+ 46. Kd5 Nc3+ 47. Kd6 Nc4+ 48. Kc7 g5 49. g4 hxg4 50. hxg4 Nb5+ 51. Kd7 Nc3 52. Kc7 Nb5+ 53. Kd8 Nc3 54. Nd7+ Ke6 55. e5 Kd5 56. Ne7+ Ke6 57. Ng6 Kf7 58. Ngf8 Nxe5 59. Nxe5+ Kxf8 60. Nf3 Nb5 61. Nxg5 Nd4 62. Kd7 1-0

[Event "Wiesbaden op 20th"]
[Site "Wiesbaden"]
[Date "2001.??.??"]
[Round "8"]
[White "Delemarre, Isabel"]
[Black "Wichmann, Daniel"]
[Result "0-1"]
[WhiteElo "2256"]
[BlackElo "2234"]
[PlyCount "50"]
[EventDate "2001.08.??"]
[EventType "swiss"]
[EventRounds "9"]
[EventCountry "GER"]
[SourceTitle "EXT 2002"]
[Source "ChessBase"]
[SourceDate "2001.11.25"]
[SourceVersion "1"]
[SourceVersionDate "2001.11.25"]
[SourceQuality "1"]

1. e4 Nf6 2. e5 Nd5 3. d4 d6 4. Nf3 dxe5 5. Nxe5 g6 6. g3 Bg7 7. Bg2 c6 8. 0-0 0-0 9. Qe2 Nd7 10. c4 Nc7 11. Rd1 Ne6 12. d5 cxd5 13. cxd5 Nxe5 14. dxe6 Qb6 15. exf7+ Rxf7 16. Bd5 Bg4 17. Bxf7+ Kxf7 18. Qd2 Bxd1 19. Qxd1 Rd8 20. Qe2 Qc6 21. Nd2 Rxd2 22. Bxd2 Nf3+ 23. Kf1 Nxh2+ 24. Kg1 Nf3+ 25. Kf1 Nxd2+ 0-1

[Event "Wiesbaden op 20th"]
[Site "Wiesbaden"]
[Date "2001.??.??"]
[Round "6"]
[White "Lukovski, Lev"]
[Black "Delemarre, Isabel"]
[Result "1/2-1/2"]
[WhiteElo "2045"]
[BlackElo "2256"]
[PlyCount "103"]
[EventDate "2001.08.??"]
[EventType "swiss"]
[EventRounds "9"]
[EventCountry "GER"]
[SourceTitle "EXT 2002"]
[Source "ChessBase"]
[SourceDate "2001.11.25"]
[SourceVersion "1"]
[SourceVersionDate "2001.11.25"]
[SourceQuality "1"]

1. f4 d5 2. Nf3 g6 3. e3 Bg7 4. d4 Nf6 5. Bd3 c5 6. c3 0-0 7. 0-0 Nc6 8. Qe1 c4 9. Bc2 Bf5 10. Na3 Rb8 11. Nh4 Bxc2 12. Nxc2 e6 13. Nf3 b5 14. Nd2 Ne4 15. Nxe4 dxe4 16. Nb4 Qb6 17. Nxc6 Qxc6 18. a4 bxa4 19. Qd1 Rb3 20. Rf2 Rd8 21. Qc2 Bf8 22. g4 f5 23. Rg2 Kf7 24. g5 Rd5 25. h4 Ra5 26. h5 Qc7 27. Rh2 Kg8 28. hxg6 hxg6 29. Qf2 Ra6 30. Qh4 Qe7 31. Qf2 a3 32. bxa3 Rxc3 33. Rb1 Rb6 34. Qe1 Rxb1 35. Qxc3 Qc7 36. Rc2 Kf7 37. Kg2 Ke8 38. Qxc4 Qxc4 39. Rxc4 Kd7 40. Kf2 Ra1 41. Rc3 Bd6 42. Ke2 Ra2+ 43. Kd1 Rh2 44. Bd2 Rh8 45. Kc2 Rc8 46. Rxc8 Kxc8 47. Kb3 Kb7 48. Bc1 Kb6 49. Kc4 Kc6 50. Bb2 Be7 51. Bc1 Bd6 52. Bb2 1/2-1/2

[Event "Wiesbaden op 20th"]
[Site "Wiesbaden"]
[Date "2001.??.??"]
[Round "4"]
[White "Meyer, Stefan"]
[Black "Delemarre, Isabel"]
[Result "1-0"]
[WhiteElo "2150"]
[BlackElo "2256"]
[PlyCount "91"]
[EventDate "2001.08.??"]
[EventType "swiss"]
[EventRounds "9"]
[EventCountry "GER"]
[SourceTitle "EXT 2002"]
[Source "ChessBase"]
[SourceDate "2001.11.25"]
[SourceVersion "1"]
[SourceVersionDate "2001.11.25"]
[SourceQuality "1"]

1. e4 c6 2. d3 d5 3. Nd2 e5 4. Ngf3 Bd6 5. g3 Nf6 6. Bg2 0-0 7. h3 Nbd7 8. 0-0 Re8 9. c3 Nc5 10. Qc2 dxe4 11. dxe4 Bc7 12. Ne1 a5 13. Nb3 Bb6 14. Nxc5 Bxc5 15. Nd3 Bb6 16. Rd1 Qc7 17. b3 Be6 18. Kh2 Nd7 19. Ba3 Rad8 20. Rd2 f6 21. Rad1 Qb8 22. Bf3 Qa7 23. Kg2 Nc5 24. Bxc5 Bxc5 25. Nxc5 Rxd2 26. Qxd2 Qxc5 27. Bg4 Kf7 28. Bh5+ g6 29. Bg4 Qe7 30. c4 b6 31. Qh6 Kg8 32. Bxe6+ Qxe6 33. Qe3 c5 34. Rd5 f5 35. f3 fxe4 36. Qxe4 Kf7 37. Qd3 e4 38. Rd7+ Kg8 39. fxe4 Qxe4+ 40. Qxe4 Rxe4 41. Kf3 Re6 42. Rb7 h6 43. h4 Kf8 44. Kf4 Rd6 45. Ke5 Rc6 46. g4 1-0

[Event "Boeblingen op 17th"]
[Site "Boeblingen"]
[Date "2000.12.30"]
[Round "8"]
[White "Meijers, Viesturs"]
[Black "Delemarre, Isabel"]
[Result "1/2-1/2"]
[WhiteElo "2464"]
[BlackElo "2259"]
[PlyCount "115"]
[EventDate "2000.12.27"]
[EventType "swiss"]
[EventRounds "9"]
[EventCountry "GER"]
[SourceTitle "EXT 2006"]
[Source "ChessBase"]
[SourceDate "2005.11.24"]
[SourceVersion "1"]
[SourceVersionDate "2005.11.24"]
[SourceQuality "1"]

1. e4 c6 2. d4 d5 3. exd5 cxd5 4. c4 Nf6 5. Nc3 e6 6. Nf3 Bb4 7. Bd3 dxc4 8. Bxc4 0-0 9. 0-0 a6 10. Qd3 b5 11. Bb3 Nbd7 12. Bc2 Bb7 13. Re1 Rc8 14. a3 Bxc3 15. bxc3 Qc7 16. Bd2 Rfd8 17. h3 Nc5 18. Qe2 Nce4 19. Rec1 Bd5 20. Ne5 Nxd2 21. Qxd2 Be4 22. Qe3 Bxc2 23. Rxc2 Nd5 24. Qf3 Nb6 25. h4 f6 26. Nd3 Rxd4 27. cxd4 Qxc2 28. Rc1 Qb3 29. Rxc8+ Nxc8 30. Qc6 Nd6 31. Qxd6 Qxd3 32. Qxe6+ Kf8 33. Qd6+ Kf7 34. d5 Qd1+ 35. Kh2 Qg4 36. Qc7+ Ke8 37. d6 Qd7 38. Qc5 a5 39. f4 g6 40. Kg3 h5 41. Kf2 b4 42. axb4 axb4 43. Qxb4 Qa7+ 44. Kf3 Kd7 45. Qc3 Ke6 46. Qc8+ Kxd6 47. Qd8+ Ke6 48. Qe8+ Qe7 49. f5+ gxf5 50. Qxh5 Qa3+ 51. Kf2 Qc5+ 52. Kg3 f4+ 53. Kg4 Qxh5+ 54. Kxh5 Kf5 55. Kh6 Kg4 56. Kg6 Kxh4 57. Kxf6 Kg3 58. Kf5 1/2-1/2

[Event "Boeblingen op 17th"]
[Site "Boeblingen"]
[Date "2000.12.28"]
[Round "5"]
[White "Delemarre, Isabel"]
[Black "Kalod, Radek"]
[Result "0-1"]
[WhiteElo "2258"]
[BlackElo "2483"]
[PlyCount "86"]
[EventDate "2000.12.27"]
[EventType "swiss"]
[EventRounds "9"]
[EventCountry "GER"]
[SourceTitle "CBM 079 Extra"]
[Source "ChessBase"]
[SourceDate "2001.01.11"]
[SourceVersion "2"]
[SourceVersionDate "2001.01.25"]
[SourceQuality "1"]

1. e4 d6 2. d4 Nf6 3. Nc3 c6 4. f4 Qa5 5. Bd3 e5 6. Nf3 Bg4 7. Be3 Nbd7 8. 0-0 Be7 9. h3 Bxf3 10. Qxf3 0-0 11. a3 Qc7 12. Kh1 Rfe8 13. dxe5 dxe5 14. f5 h6 15. Bc4 b5 16. Bd3 Rad8 17. Qf2 a6 18. g4 c5 19. Rad1 c4 20. Be2 Bc5 21. Nd5 Nxd5 22. Rxd5 Bxe3 23. Qxe3 Qb6 24. Qxb6 Nxb6 25. Rxd8 Rxd8 26. Rd1 Rxd1+ 27. Bxd1 Na4 28. b3 Nc3 29. Bf3 cxb3 30. cxb3 Nb1 31. a4 bxa4 32. bxa4 a5 33. Bd1 Nc3 34. Bc2 Kf8 35. Kg2 Ke7 36. Kf3 Kd6 37. h4 Kc5 38. g5 hxg5 39. hxg5 Kb4 40. Kg4 Nxa4 41. Kh5 Nc5 42. f6 gxf6 43. gxf6 Kc3 0-1

[Event "Boeblingen op 17th"]
[Site "Boeblingen"]
[Date "2000.12.27"]
[Round "2"]
[White "Delemarre, Isabel"]
[Black "Foerster, Bernhard"]
[Result "1-0"]
[WhiteElo "2259"]
[BlackElo "2019"]
[PlyCount "97"]
[EventDate "2000.12.27"]
[EventType "swiss"]
[EventRounds "9"]
[EventCountry "GER"]
[SourceTitle "EXT 2006"]
[Source "ChessBase"]
[SourceDate "2005.11.24"]
[SourceVersion "1"]
[SourceVersionDate "2005.11.24"]
[SourceQuality "1"]

1. e4 e6 2. d4 d5 3. Nc3 dxe4 4. Nxe4 Nd7 5. Nf3 Ngf6 6. Nxf6+ gxf6 7. g3 b6 8. Bg2 Bb7 9. 0-0 Bg7 10. Bf4 0-0 11. Re1 Re8 12. Qd2 Nf8 13. Rad1 Ng6 14. Bh6 Qd6 15. h4 Bxh6 16. Qxh6 Qf8 17. Qh5 Qg7 18. c4 Ne7 19. d5 exd5 20. cxd5 Qg6 21. Qxg6+ hxg6 22. d6 cxd6 23. Rxd6 Nf5 24. Rd7 Bxf3 25. Rxe8+ Rxe8 26. Bxf3 Re7 27. Rxe7 Nxe7 28. Kf1 Kf8 29. Ke2 Nf5 30. Kd3 Ke7 31. Kc4 Kd6 32. Be4 Nh6 33. f3 f5 34. Ba8 a5 35. Kb5 Kc7 36. Bc6 f4 37. g4 f6 38. Be4 g5 39. h5 f5 40. gxf5 g4 41. fxg4 Nxg4 42. a3 Nf6 43. Bf3 Nh7 44. h6 Ng5 45. Bh5 Nh7 46. Kc4 Kd6 47. Bg6 f3 48. Kd3 f2 49. Ke2 1-0

[Event "BL 9900 (Women)"]
[Site "Germany"]
[Date "2000.04.02"]
[Round "11.3"]
[White "Guenther, Anetta"]
[Black "Delemarre, Isabel"]
[Result "1/2-1/2"]
[WhiteElo "2141"]
[BlackElo "2254"]
[PlyCount "100"]
[EventDate "1999.10.16"]
[EventType "team-tourn"]
[EventRounds "11"]
[EventCountry "GER"]
[SourceTitle "CBM 075 Extra"]
[Source "ChessBase"]
[SourceDate "2000.05.11"]
[SourceVersion "2"]
[SourceVersionDate "2000.05.11"]
[SourceQuality "1"]
[WhiteTeam "Rodewisch"]
[BlackTeam "Karlsruhe"]
[WhiteTeamCountry "GER"]
[BlackTeamCountry "GER"]

1. e4 c6 2. d4 d5 3. Nc3 dxe4 4. Nxe4 Bf5 5. Ng3 Bg6 6. h4 h6 7. h5 Bh7 8. Nf3 Nd7 9. Bd3 Bxd3 10. Qxd3 e6 11. Bd2 Ngf6 12. 0-0-0 a5 13. Kb1 b5 14. Ne4 Be7 15. Qe2 Qc7 16. g3 Nd5 17. Ne1 N7b6 18. f4 Nc4 19. Nf3 0-0-0 20. Ne5 Nxe5 21. fxe5 Rhe8 22. c4 bxc4 23. Qxc4 Kd7 24. Rc1 Ra8 25. Rhf1 Rf8 26. g4 Qb6 27. Rc2 a4 28. Bc1 Qb5 29. Rf3 Nb4 30. Qxb5 cxb5 31. Rcf2 Rac8 32. Nc3 f6 33. exf6 Rxf6 34. a3 Nd3 35. Rxf6 Bxf6 36. Rf1 Nxc1 37. Rxc1 Rb8 38. Rd1 Kc6 39. Kc2 Rd8 40. Ne2 Kd6 41. Kd3 Rb8 42. Rc1 e5 43. Rc2 exd4 44. Nxd4 Kd5 45. Nc6 Rb6 46. Nb4+ Ke5 47. Re2+ Kd6 48. Ke4 Rb8 49. Rd2+ Ke6 50. Nc6 Rc8 1/2-1/2

[Event "Verbandsliga Nord Baden 9900"]
[Site "Germany"]
[Date "2000.01.23"]
[Round "5.5"]
[White "Geyer, Bernhard"]
[Black "Delemarre, Isabel"]
[Result "1-0"]
[WhiteElo "2090"]
[BlackElo "2254"]
[PlyCount "88"]
[EventDate "1999.09.26"]
[EventType "team"]
[EventRounds "9"]
[EventCountry "GER"]
[SourceTitle "EXT 2002"]
[Source "ChessBase"]
[SourceDate "2001.11.25"]
[SourceVersion "1"]
[SourceVersionDate "2001.11.25"]
[SourceQuality "1"]
[WhiteTeam "Ladenburg"]
[BlackTeam "Karlsruhe II"]
[WhiteTeamCountry "GER"]
[BlackTeamCountry "GER"]

1. e4 c6 2. d4 d5 3. e5 c5 4. c3 Nc6 5. Be3 cxd4 6. cxd4 Bf5 7. Nc3 e6 8. Nge2 Bb4 9. a3 Ba5 10. b4 Bc7 11. Nb5 Bb8 12. Rc1 Nge7 13. Nf4 a5 14. g4 Be4 15. f3 Bg6 16. Qa4 Qd7 17. h4 f6 18. exf6 gxf6 19. h5 Bf7 20. Qb3 axb4 21. axb4 e5 22. Nd3 b6 23. Qc3 0-0 24. Be2 Rc8 25. Qd2 e4 26. Nf2 Ra4 27. Rb1 Qe6 28. Bd1 Ra8 29. fxe4 dxe4 30. Bb3 Nd5 31. Bxd5 Qxd5 32. Nc3 Qc4 33. Nfxe4 Nxb4 34. Rxb4 Qxb4 35. 0-0 Kh8 36. Rxf6 Qe7 37. Bg5 Ra1+ 38. Kf2 Qc7 39. Rd6 Ra5 40. Bf6+ Kg8 41. Qh6 Bb3 42. Be5 Qf7+ 43. Nf6+ Kh8 44. Rd7 Bxe5 1-0

[Event "Staufer op 12th"]
[Site "Schwaebisch Gmuend"]
[Date "2000.??.??"]
[Round "7"]
[White "Delemarre, Isabel"]
[Black "Solomunovic, Igor"]
[Result "0-1"]
[WhiteElo "2250"]
[BlackElo "2345"]
[PlyCount "118"]
[EventDate "2000.01.02"]
[EventType "swiss"]
[EventRounds "9"]
[EventCountry "GER"]
[SourceTitle "CBM 074 Extra"]
[Source "ChessBase"]
[SourceDate "2000.03.10"]
[SourceVersion "2"]
[SourceVersionDate "2000.03.10"]
[SourceQuality "1"]

1. e4 c5 2. c3 d5 3. exd5 Qxd5 4. d4 g6 5. dxc5 Qxc5 6. Be3 Qa5 7. Nf3 Bg7 8. Nbd2 Nf6 9. Nc4 Qc7 10. Qd2 Ne4 11. Qc2 Nc5 12. Bd4 0-0 13. Bxg7 Kxg7 14. Ne3 b6 15. Bc4 Bb7 16. Bd5 Nc6 17. b4 Nd7 18. c4 Nf6 19. Qb2 a5 20. bxa5 bxa5 21. 0-0 Rab8 22. Rfd1 Kg8 23. Rac1 Nb4 24. Bxb7 Rxb7 25. Qd2 Qc5 26. a3 Nc6 27. Qa2 Rfb8 28. Rb1 Rxb1 29. Rxb1 Rxb1+ 30. Qxb1 Qxa3 31. h4 Qb4 32. Qxb4 axb4 33. Kf1 Ne4 34. Ke1 f6 35. Nd2 Nc5 36. Kd1 Kf7 37. f3 Ke6 38. Kc2 Ke5 39. Nb3 Nd4+ 40. Nxd4 Kxd4 41. Nd5 Kxc4 42. Nxe7 b3+ 43. Kb1 Kd4 44. g4 Ke5 45. Kb2 g5 46. h5 Nd7 47. Kxb3 Kf4 48. Kc4 Kxf3 49. Kd5 Kxg4 50. h6 Kh5 51. Ke6 Kxh6 52. Kxd7 g4 53. Ke6 Kg5 54. Nd5 g3 55. Ne3 Kf4 56. Ng2+ Kf3 57. Nh4+ Kg4 58. Ng2 h5 59. Kxf6 h4 0-1